|
|
|
|
| LEADER |
01355nam a2200385 4500 |
| 001 |
000004831 |
| 003 |
972 |
| 005 |
20120507160511.0 |
| 008 |
110805s2001 viesd |
| 020 |
|
|
|c 41000đ
|
| 041 |
0 |
|
|a vie
|
| 082 |
|
|
|a 891.73
|b AI-T
|
| 100 |
0 |
|
|a Aitơmatốp, Tsinghiz
|
| 245 |
|
0 |
|a Giamilia truyện núi đồi và thảo nguyên
|b Truyện ngắn
|c Tsinghiz Aitơmatốp ; Người dịch: Phạm Mạnh Hùng..
|
| 260 |
|
|
|a H.
|b Văn hoá Thông tin
|c 2001
|
| 300 |
|
|
|a 458 tr
|c 19 cm
|
| 500 |
|
|
|a Theo bản dịch của Nxb. Cầu vồng Liên Xô
|
| 653 |
|
|
|a Văn học hiện đại
|
| 653 |
|
|
|a Kiecghidi
|
| 653 |
|
|
|a Truyện ngắn
|
| 700 |
|
|
|a Phạm Mạnh Hùng
|e dịch
|
| 700 |
|
|
|a Bồ Xuân Tiến
|e dịch
|
| 700 |
|
|
|a Nguyễn Ngọc Bằng
|e dịch
|
| 700 |
|
|
|a Cao Xuân Hạo
|e dịch
|
| 910 |
|
|
|a Nguyễn Thị Kim Oanh
|d 05/ 08/ 2011
|
| OWN |
|
|
|a LSP
|
| AVA |
|
|
|a UDN50
|b LSP
|d 891.73 AI-T
|e available
|t Error 5001 Not defined in file expand_doc_bib_avail.
|f 5
|g 0
|h N
|i 0
|k 1
|
| 999 |
|
|
|a From the UDN01
|
| AVA |
|
|
|a UDN50
|b LSP
|d 891.73 AI-T
|e available
|t Error 5001 Not defined in file expand_doc_bib_avail.
|f 5
|g 0
|h N
|i 0
|k 1
|
| TYP |
|
|
|a Monograph
|
| TYP |
|
|
|a Printed language
|
| 980 |
|
|
|a Mạng thư viện Đại học Đà Nẵng
|